00737nam a2200241 a 4500001001300000003000900013005001700022008004100039020002300080082001600103100001800119245004900137260005000186300001000236500003500246505002400281650002300305700001800328902000800346942000700354952011700361999001700478nice12345678IN_TiNIC20260116014206.0130211s2012 newa grp 000 0 eng  a9788175969254c99500a305.35bKUM aKumar, Neelam aGender and Scienceb Stidoes Across Cultures aNew Delhi bCambridge University Press c2012 a323p  aincludes index and biblioraphy2 aBibliography, Index aGender and Science1 aKumar, Neelam bSRS cBK 001040708StackRoom-aHMIbHMId2013-02-11g995.00l0o305.35 KUMp024032r2013-02-11v995.00w2013-02-11yBK c14262d14262